[Event "MDA-ch"]
[Site "Kishinev"]
[Date "2019.02.04"]
[Round "6"]
[White "Cerbulenco, Liviu"]
[Black "Macovei, Andrei"]
[Result "0-1"]
[WhiteElo "2267"]
[BlackElo "2425"]
[PlyCount "98"]
[EventDate "2019.01.30"]
[EventType "tourn"]
[EventRounds "9"]
[EventCountry "MDA"]
[EventCategory "6"]
[SourceTitle "CBM 188 Extra"]
[Source "ChessBase"]
[SourceDate "2019.02.26"]
[SourceVersion "1"]
[SourceVersionDate "2019.02.26"]
[SourceQuality "1"]

1. Nf3 Nf6 2. g3 b5 3. Bg2 Bb7 4. 0-0 e6 5. b3 Be7 6. c4 b4 7. Bb2 c5 8. d3 0-0 9. Nbd2 Nc6 10. e4 d6 11. e5 dxe5 12. Nxe5 Nxe5 13. Bxb7 Rb8 14. Bxe5 Rxb7 15. Nf3 Rd7 16. Ne1 Ne8 17. Qe2 Nd6 18. Bxd6 Rxd6 19. Rd1 Bf6 20. f4 Qd7 21. Qe4 Rd8 22. Rf3 a5 23. Nc2 a4 24. Kf1 Bc3 25. Qe2 g6 26. Kf2 Qa7 27. Ne3 Ra6 28. Kf1 axb3 29. axb3 Ra2 30. Nc2 Rb2 31. f5 exf5 32. Re3 Kg7 33. Re7 Qb6 34. d4 Qf6 35. Re3 Bxd4 36. Red3 Qc6 37. Nxd4 Qh1+ 38. Kf2 Rxe2+ 39. Nxe2 Qxh2+ 40. Kf3 Re8 41. Re3 Qh5+ 42. Kf2 Rxe3 43. Kxe3 Qg5+ 44. Kf3 Qg4+ 45. Kf2 h5 46. Rd5 h4 47. gxh4 Qxh4+ 48. Ke3 Qe4+ 49. Kf2 f4 0-1

[Event "MDA-ch"]
[Site "Kishinev"]
[Date "2019.01.30"]
[Round "1"]
[White "Hamitevici, Vladimir"]
[Black "Cerbulenco, Liviu"]
[Result "1-0"]
[WhiteElo "2490"]
[BlackElo "2267"]
[PlyCount "101"]
[EventDate "2019.01.30"]
[EventType "tourn"]
[EventRounds "9"]
[EventCountry "MDA"]
[EventCategory "6"]
[SourceTitle "CBM 188 Extra"]
[Source "ChessBase"]
[SourceDate "2019.02.26"]
[SourceVersion "1"]
[SourceVersionDate "2019.02.26"]
[SourceQuality "1"]

1. d4 Nf6 2. Bg5 Ne4 3. Bf4 d5 4. f3 Nf6 5. Nc3 e6 6. e4 Bb4 7. e5 Nfd7 8. a3 Be7 9. Nce2 c5 10. c3 Nc6 11. Bg3 Nb6 12. b3 0-0 13. f4 cxd4 14. cxd4 Bd7 15. Nf3 f6 16. h4 a5 17. Nc1 a4 18. b4 Be8 19. h5 fxe5 20. dxe5 Nc4 21. Nd3 Rf5 22. h6 Rh5 23. Rxh5 Bxh5 24. Nc5 Bxc5 25. Bxc4 Bxf3 26. Qxf3 Bd4 27. 0-0-0 Rc8 28. Kb1 dxc4 29. Bf2 c3 30. Kc2 Qd7 31. b5 Qe7 32. bxc6 Qxa3 33. Rxd4 Qb2+ 34. Kd3 c2 35. Qg4 c1N+ 36. Ke4 Qc2+ 37. Kf3 Qxc6+ 38. Kg3 g6 39. Rxa4 Ne2+ 40. Kh2 Rf8 41. Rb4 Qa6 42. Qf3 Rf7 43. Re4 Nc1 44. Rd4 Ne2 45. Rd2 Nc1 46. Qd1 Qc4 47. Rd4 Qc6 48. Rd8+ Rf8 49. Bc5 Re8 50. Rxe8+ Qxe8 51. Qxc1 1-0

[Event "MDA-ch FL op"]
[Site "Kishinev"]
[Date "2015.12.05"]
[Round "1"]
[White "Cerbulenco, Liviu"]
[Black "Talmaci, Alexandru1111"]
[Result "1-0"]
[WhiteElo "2316"]
[BlackElo "1851"]
[PlyCount "88"]
[EventDate "2015.12.05"]
[EventType "swiss"]
[EventRounds "9"]
[EventCountry "MDA"]
[SourceTitle "EXT 2022"]
[Source "ChessBase"]
[SourceDate "2021.10.06"]
[SourceVersion "1"]
[SourceVersionDate "2021.10.06"]
[SourceQuality "1"]

1. e4 e6 2. d4 d5 3. Nd2 Nf6 4. e5 Nfd7 5. Bd3 c5 6. c3 Nc6 7. Ne2 cxd4 8. cxd4 f6 9. exf6 Nxf6 10. Nf3 Bd6 11. 0-0 Qc7 12. Bg5 0-0 13. Bh4 Nh5 14. Qc2 h6 15. Bh7+ Kh8 16. Bg6 Nf4 17. Nxf4 Bxf4 18. Bg3 Bxg3 19. hxg3 Qb6 20. Rad1 Bd7 21. Qd2 Rf6 22. Bh5 Raf8 23. Rfe1 Kh7 24. Re3 g6 25. Bg4 Kg7 26. Rde1 Re8 27. Rb3 Qc7 28. Rc3 Ref8 29. Re2 Qb6 30. Qe3 Kh7 31. Rb3 Qc7 32. Rc2 Qb8 33. Ne5 Nxe5 34. Qxe5 R6f7 35. Qxb8 Rxb8 36. Rc7 Be8 37. Rbc3 Bd7 38. Rf3 Rg7 39. Re3 Bc6 40. Rxg7+ Kxg7 41. Rxe6 Rd8 42. f4 Kf7 43. Re5 h5 44. Be2 b6 1-0

[Event "MDA-ch"]
[Site "Kishinev"]
[Date "2015.02.04"]
[Round "9"]
[White "Ogleznev, Alexandr"]
[Black "Cerbulenco, Liviu"]
[Result "0-1"]
[WhiteElo "2264"]
[BlackElo "2273"]
[PlyCount "92"]
[EventDate "2015.01.27"]
[EventType "tourn"]
[EventRounds "11"]
[EventCountry "MDA"]
[EventCategory "2"]
[SourceTitle "CBM 164 Extra"]
[Source "ChessBase"]
[SourceDate "2015.03.02"]
[SourceVersion "1"]
[SourceVersionDate "2015.03.02"]
[SourceQuality "1"]

1. e4 e5 2. Nf3 Nc6 3. Bb5 g6 4. c3 Bg7 5. d4 exd4 6. cxd4 a6 7. Ba4 Nge7 8. Nc3 0-0 9. 0-0 b5 10. Bb3 d6 11. Nd5 h6 12. Nxe7+ Nxe7 13. Bf4 Bb7 14. Re1 c5 15. dxc5 dxc5 16. Qe2 c4 17. Bc2 Nc6 18. Rad1 Qa5 19. Bb1 Rad8 20. e5 Rfe8 21. h4 h5 22. Be4 Qb6 23. Rxd8 Nxd8 24. Bxb7 Qxb7 25. a4 Ne6 26. Be3 Rd8 27. axb5 axb5 28. Bg5 Rd3 29. Ra1 Qd5 30. Re1 Bf8 31. Be3 Qe4 32. Qc2 Qd5 33. Qc1 Bb4 34. Rf1 Be7 35. Re1 Bb4 36. Rf1 Be7 37. Re1 Bf8 38. Qc2 Bg7 39. Bg5 Rxf3 40. gxf3 Nd4 41. Qd1 Nxf3+ 42. Kf1 Nd4 43. f4 Qh1+ 44. Kf2 Qh2+ 45. Kf1 Nf5 46. Qd8+ Kh7 0-1

[Event "MDA-ch"]
[Site "Kishinev"]
[Date "2015.02.02"]
[Round "7"]
[White "Cerbulenco, Liviu"]
[Black "Vavric, Pavel"]
[Result "1-0"]
[WhiteElo "2273"]
[BlackElo "2253"]
[PlyCount "137"]
[EventDate "2015.01.27"]
[EventType "tourn"]
[EventRounds "11"]
[EventCountry "MDA"]
[EventCategory "2"]
[SourceTitle "CBM 164 Extra"]
[Source "ChessBase"]
[SourceDate "2015.03.02"]
[SourceVersion "1"]
[SourceVersionDate "2015.03.02"]
[SourceQuality "1"]

1. e4 c5 2. Nf3 g6 3. d4 cxd4 4. Nxd4 Bg7 5. c4 Nc6 6. Be3 Nf6 7. Nc3 0-0 8. Be2 Nxd4 9. Bxd4 d6 10. 0-0 Bd7 11. Qd2 Bc6 12. f3 Nd7 13. Be3 a5 14. b3 Nc5 15. Rab1 e6 16. Rfc1 Be5 17. Bg5 f6 18. Be3 Qe7 19. Bd1 f5 20. Bg5 Qf7 21. exf5 Qxf5 22. Be3 Bf4 23. Bc2 Qg5 24. Bxf4 Qxf4 25. Qxf4 Rxf4 26. Ne2 Rf7 27. a3 e5 28. b4 Ne6 29. c5 axb4 30. axb4 dxc5 31. Bb3 c4 32. Bxc4 Re8 33. b5 Bd7 34. Nc3 Kg7 35. Re1 Rc8 36. Rb4 Rf4 37. Ne4 b6 38. Ra4 Nc5 39. Ra7 Kh6 40. Nd6 Rcf8 41. Rxe5 Rd4 42. Rd5 Rxd5 43. Bxd5 Rf6 44. Nf7+ Kh5 45. Ne5 Bxb5 46. Rxh7+ Kg5 47. Kf2 Kf4 48. Re7 Rd6 49. Bc4 Bxc4 50. g3+ Kg5 51. Nxc4 Rc6 52. Nxb6 Nd3+ 53. Ke3 Nb4 54. Re5+ Kh6 55. Nd5 Rc5 56. Kd4 Nc6+ 57. Kxc5 Nxe5 58. f4 Ng4 59. h4 Kg7 60. Kd4 Kf7 61. Ne3 Nf2 62. Ke5 Nd3+ 63. Ke4 Nf2+ 64. Kf3 Nd3 65. Ng4 Ke6 66. Ne5 Nxe5+ 67. fxe5 Kxe5 68. Kg4 Kf6 69. Kf4 1-0

[Event "MDA-ch"]
[Site "Kishinev"]
[Date "2015.01.31"]
[Round "5"]
[White "Cerbulenco, Liviu"]
[Black "Soltanici, Ruslan"]
[Result "1/2-1/2"]
[WhiteElo "2273"]
[BlackElo "2345"]
[PlyCount "128"]
[EventDate "2015.01.27"]
[EventType "tourn"]
[EventRounds "11"]
[EventCountry "MDA"]
[EventCategory "2"]
[SourceTitle "CBM 164 Extra"]
[Source "ChessBase"]
[SourceDate "2015.03.02"]
[SourceVersion "1"]
[SourceVersionDate "2015.03.02"]
[SourceQuality "1"]

1. e4 c5 2. Nf3 e6 3. d4 cxd4 4. Nxd4 a6 5. Nc3 Qc7 6. Be2 Nf6 7. 0-0 Nc6 8. Be3 Be7 9. f4 d6 10. a4 0-0 11. Kh1 Re8 12. Bf3 Rb8 13. Qd2 Na5 14. b3 b6 15. Rad1 Bb7 16. e5 dxe5 17. fxe5 Nd7 18. Bf4 Bxf3 19. Nxf3 Red8 20. Ne4 Rbc8 21. Nd6 Bxd6 22. Qxd6 Qxd6 23. Rxd6 Nb7 24. Rd4 h6 25. Rfd1 Ndc5 26. Be3 Rxd4 27. Rxd4 Rc7 28. Kg1 Nd7 29. Kf1 Kf8 30. Ke1 Ke7 31. Kd2 Na5 32. Rg4 Kf8 33. Rb4 Rb7 34. Re4 Nc6 35. Ke2 Ke7 36. Bc1 b5 37. Ba3+ b4 38. Bb2 Nb6 39. Nd2 Rb8 40. Rg4 g5 41. g3 Rd8 42. h4 gxh4 43. gxh4 h5 44. Rg5 Nd5 45. Ne4 Nf4+ 46. Ke3 Ng6 47. Rxh5 Rd1 48. Nf2 Re1+ 49. Kd2 Rf1 50. Nd3 Rh1 51. Rh7 Nxh4 52. Ke2 Rh2+ 53. Nf2 Kf8 54. Bc1 Nd4+ 55. Kf1 Nhf3 56. Rxh2 Nxh2+ 57. Kg2 Nhf3 58. Nd3 a5 59. Kg3 Nxe5 60. Bh6+ Ke8 61. Nxe5 Nf5+ 62. Kf4 Nxh6 63. Nc6 Kd7 64. Nxa5 Nf5 1/2-1/2

[Event "MDA-ch"]
[Site "Kishinev"]
[Date "2015.01.28"]
[Round "2"]
[White "Vedmediuc, Serghei"]
[Black "Cerbulenco, Liviu"]
[Result "1-0"]
[WhiteElo "2406"]
[BlackElo "2273"]
[PlyCount "65"]
[EventDate "2015.01.27"]
[EventType "tourn"]
[EventRounds "11"]
[EventCountry "MDA"]
[EventCategory "2"]
[SourceTitle "CBM 164 Extra"]
[Source "ChessBase"]
[SourceDate "2015.03.02"]
[SourceVersion "1"]
[SourceVersionDate "2015.03.02"]
[SourceQuality "1"]

1. c4 c5 2. Nf3 Nc6 3. d4 cxd4 4. Nxd4 Nf6 5. g3 d6 6. Bg2 Bd7 7. 0-0 g6 8. Nc3 Bg7 9. e3 0-0 10. b3 Qa5 11. Bb2 a6 12. Rc1 Rab8 13. a3 Rfc8 14. Re1 Kf8 15. Qe2 Qb6 16. Na4 Qd8 17. c5 Na5 18. cxd6 exd6 19. Qd3 Rxc1 20. Rxc1 b5 21. Nc3 Rc8 22. Nce2 Rxc1+ 23. Bxc1 Qb6 24. Bd2 Ne8 25. Nf4 Nc7 26. Bb4 Be5 27. Nf3 Bxf4 28. gxf4 Ne8 29. Qc3 Nc6 30. Ne5 Nxe5 31. fxe5 Kg8 32. exd6 Nxd6 33. Qd2 1-0

[Event "Balti Hohlov Memorial"]
[Site "Balti"]
[Date "2015.01.05"]
[Round "7"]
[White "Vusatiuk, Vladimir"]
[Black "Cerbulenco, Liviu"]
[Result "1-0"]
[WhiteElo "2362"]
[BlackElo "2273"]
[PlyCount "120"]
[EventDate "2015.01.02"]
[EventType "tourn"]
[EventRounds "9"]
[EventCountry "MDA"]
[EventCategory "1"]
[SourceTitle "CBM 164 Extra"]
[Source "ChessBase"]
[SourceDate "2015.03.02"]
[SourceVersion "1"]
[SourceVersionDate "2015.03.02"]
[SourceQuality "1"]

1. e4 e5 2. Nf3 Nc6 3. d4 exd4 4. Nxd4 Bc5 5. Nb3 Bb6 6. Nc3 Nf6 7. Qe2 0-0 8. Be3 Bxe3 9. Qxe3 d6 10. 0-0-0 Qe7 11. f3 Be6 12. g4 Nd7 13. h4 a5 14. g5 a4 15. Nd4 Nxd4 16. Qxd4 a3 17. b3 f6 18. Qe3 fxg5 19. hxg5 Qf7 20. Be2 Ne5 21. Rh2 Qf4 22. Qxf4 Rxf4 23. Rdh1 c6 24. Rxh7 Ng6 25. Kd2 Ra5 26. R7h5 Kf7 27. Nd1 d5 28. Nf2 dxe4 29. Nxe4 Rd5+ 30. Ke3 Re5 31. Rd1 Bg4 32. Rh7 Bf5 33. Bc4+ Kf8 34. Rd8+ Ke7 35. Rg8 Rfxe4+ 36. fxe4 Rxe4+ 37. Kd2 Ne5 38. Rhxg7+ Kd6 39. Rd8+ Kc5 40. Bd3 Nxd3 41. cxd3 Rg4 42. Rxb7 Bxd3 43. Ra8 Bb5 44. Rxa3 Rxg5 45. Ra8 Rg2+ 46. Kc3 Rg3+ 47. Kb2 Rg2+ 48. Ka3 Rg5 49. Rh8 Rf5 50. Rh2 Rd5 51. Rc2+ Kd6 52. Kb4 Rd4+ 53. Ka5 Bd3 54. Rd2 Kc5 55. Rg7 Rd5 56. Rg3 Be4 57. Rc3+ Kd6+ 58. Rxd5+ cxd5 59. Kb6 d4 60. Rc8 d3 1-0

[Event "Olympiad-41"]
[Site "Tromsoe"]
[Date "2014.08.14"]
[Round "11.3"]
[White "Cerbulenco, Liviu"]
[Black "Phiri, Richmond"]
[Result "1-0"]
[WhiteElo "2203"]
[BlackElo "2121"]
[PlyCount "114"]
[EventDate "2014.08.02"]
[EventType "team-swiss"]
[EventRounds "11"]
[EventCountry "NOR"]
[SourceTitle "CBM 162"]
[Source "ChessBase"]
[SourceDate "2014.09.17"]
[SourceVersion "1"]
[SourceVersionDate "2014.09.17"]
[SourceQuality "1"]
[WhiteTeam "Moldova"]
[BlackTeam "Zambia"]
[WhiteTeamCountry "MDA"]
[BlackTeamCountry "ZAM"]

1. e4 c5 2. Nf3 e6 3. d4 cxd4 4. Nxd4 a6 5. Nc3 b5 6. Bd3 Qb6 7. Nf3 Nc6 8. 0-0 Qb8 9. Re1 d6 10. Bf4 Ne5 11. Nxe5 dxe5 12. Be3 Nf6 13. a4 b4 14. Nb1 Bb7 15. Nd2 Be7 16. f3 0-0 17. a5 Qc7 18. Qe2 Nd7 19. Rec1 Rfc8 20. c3 Qd8 21. Nc4 bxc3 22. bxc3 Bc5 23. Rab1 Rab8 24. Nb6 Nxb6 25. Bxc5 Rxc5 26. Rxb6 Rxa5 27. Rcb1 Rb5 28. R1xb5 axb5 29. Rxb5 Bc6 30. Rxe5 Rb3 31. Rc5 Rxc3 32. Rxc3 Qd4+ 33. Kf1 Qxc3 34. e5 g6 35. Kf2 Qd4+ 36. Qe3 Qh4+ 37. Kg1 Bd5 38. Bf1 Kg7 39. Bd3 Kg8 40. Bf1 Kg7 41. g3 Qb4 42. g4 h6 43. Kf2 Qb3 44. Qf4 Qb6+ 45. Kg2 Qb2+ 46. Kg3 Qb1 47. Kf2 Qb6+ 48. Kg2 Qb2+ 49. Kg3 Qb1 50. Kg2 Qb2+ 51. Kg3 Qb1 52. Kf2 Qb6+ 53. Qe3 Qxe3+ 54. Kxe3 g5 55. f4 gxf4+ 56. Kxf4 f6 57. h4 Bc4 1-0

[Event "EU-chT U18"]
[Site "Iasi"]
[Date "2014.07.20"]
[Round "6.4"]
[White "Cerbulenco, Liviu"]
[Black "David, Alexandru Vasile"]
[Result "0-1"]
[WhiteElo "2185"]
[BlackElo "2194"]
[PlyCount "94"]
[EventDate "2014.07.15"]
[EventType "team-swiss"]
[EventRounds "7"]
[EventCountry "ROU"]
[SourceTitle "CBM 161 Extra"]
[Source "ChessBase"]
[SourceDate "2014.08.29"]
[SourceVersion "1"]
[SourceVersionDate "2014.08.29"]
[SourceQuality "1"]
[WhiteTeam "Moldova U18"]
[BlackTeam "Romania U18 II"]
[WhiteTeamCountry "MDA"]
[BlackTeamCountry "ROU"]

1. e4 e6 2. d4 d5 3. Nd2 dxe4 4. Nxe4 Nd7 5. Nf3 Ngf6 6. Bd3 c5 7. Nxc5 Nxc5 8. dxc5 Bxc5 9. Qe2 Qc7 10. Bd2 0-0 11. 0-0-0 Nd5 12. Ne5 Bd6 13. Rhe1 Bxe5 14. Qxe5 Qxe5 15. Rxe5 Bd7 16. c4 Nf6 17. Bc3 Bc6 18. Rg5 h6 19. Rg3 Nh5 20. Rg4 f5 21. Rh4 Nf6 22. f3 Kf7 23. Rf1 Rh8 24. Kc2 g5 25. Rd4 h5 26. Re1 Rhd8 27. b4 a6 28. Rxd8 Rxd8 29. b5 axb5 30. cxb5 Bd5 31. a4 Nd7 32. Bd4 Rc8+ 33. Kb2 Nc5 34. Bxc5 Rxc5 35. a5 g4 36. Re5 Kf6 37. f4 h4 38. g3 h3 39. Re2 Be4 40. Bxe4 Rxb5+ 41. Ka3 fxe4 42. Ka4 Rd5 43. Rxe4 Rd2 44. Rb4 Rxh2 45. Kb5 Rg2 46. Rb1 Rxg3 47. Kb6 h2 0-1

[Event "EU-chT U18"]
[Site "Iasi"]
[Date "2014.07.18"]
[Round "4.3"]
[White "Cerbulenco, Liviu"]
[Black "Huber, Martin Christian"]
[Result "0-1"]
[WhiteElo "2185"]
[BlackElo "2282"]
[PlyCount "72"]
[EventDate "2014.07.15"]
[EventType "team-swiss"]
[EventRounds "7"]
[EventCountry "ROU"]
[SourceTitle "CBM 161 Extra"]
[Source "ChessBase"]
[SourceDate "2014.08.29"]
[SourceVersion "1"]
[SourceVersionDate "2014.08.29"]
[SourceQuality "1"]
[WhiteTeam "Moldova U18"]
[BlackTeam "Austria U18"]
[WhiteTeamCountry "MDA"]
[BlackTeamCountry "AUT"]

1. e4 e5 2. Nf3 Nc6 3. Bb5 Nf6 4. d3 Bc5 5. Bxc6 dxc6 6. Nbd2 Be6 7. 0-0 Nd7 8. b3 f6 9. Bb2 Qe7 10. a4 0-0-0 11. Nc4 g5 12. Qe2 Nf8 13. d4 exd4 14. Rad1 Bg4 15. h3 Bh5 16. g4 Ne6 17. Nxd4 Bxd4 18. gxh5 Bxb2 19. Nxb2 Kb8 20. Rxd8+ Rxd8 21. Rd1 Re8 22. Qg4 a6 23. Nc4 Nf4 24. f3 Rd8 25. Rxd8+ Qxd8 26. Kh2 Qd4 27. Qg1 Qd7 28. Qf1 b5 29. axb5 cxb5 30. Na3 Qd2+ 31. Kh1 Nxh5 32. Kg1 Ng3 33. Qf2 Qc1+ 34. Kg2 Nh5 35. Qc5 Nf4+ 36. Kg3 Qf1 0-1

[Event "EU-ch 15th"]
[Site "Yerevan"]
[Date "2014.03.14"]
[Round "11"]
[White "Ali Marandi, Cemil Can"]
[Black "Cerbulenco, Liviu"]
[Result "1/2-1/2"]
[WhiteElo "2380"]
[BlackElo "2160"]
[PlyCount "95"]
[EventDate "2014.03.03"]
[EventType "swiss"]
[EventRounds "11"]
[EventCountry "ARM"]
[SourceTitle "CBM 160"]
[Source "ChessBase"]
[SourceDate "2014.05.15"]
[SourceVersion "1"]
[SourceVersionDate "2014.05.15"]
[SourceQuality "1"]

1. e4 e5 2. Nf3 Nc6 3. Bb5 a6 4. Ba4 Nf6 5. 0-0 Be7 6. Re1 b5 7. Bb3 0-0 8. c3 d5 9. d4 exd4 10. e5 Ne4 11. cxd4 Bg4 12. Nc3 Nxc3 13. bxc3 Na5 14. Bc2 Nc4 15. h3 Bh5 16. Bf5 Bg6 17. Bxg6 fxg6 18. Qd3 Qd7 19. Bg5 Rxf3 20. Qxf3 Bxg5 21. e6 Qe7 22. Qxd5 Rd8 23. Qf3 Rd6 24. a4 Nb6 25. axb5 axb5 26. Qe2 h6 27. g3 Nc4 28. f4 Bf6 29. Qe4 b4 30. Ra8+ Kh7 31. h4 Nd2 32. Qd3 Rxe6 33. Rxe6 Qxe6 34. h5 Qe1+ 35. Kg2 Qe4+ 36. Qxe4 Nxe4 37. hxg6+ Kxg6 38. cxb4 Bxd4 39. Kf3 Nf6 40. g4 Bb6 41. Rd8 Kf7 42. g5 hxg5 43. fxg5 Nh7 44. Kf4 Kg6 45. Rd5 Bg1 46. Kg4 Be3 47. Rd7 Bb6 48. Rd5 1/2-1/2

[Event "EU-ch 15th"]
[Site "Yerevan"]
[Date "2014.03.11"]
[Round "8"]
[White "Cerbulenco, Liviu"]
[Black "Popilski, Gil"]
[Result "1/2-1/2"]
[WhiteElo "2160"]
[BlackElo "2503"]
[PlyCount "44"]
[EventDate "2014.03.03"]
[EventType "swiss"]
[EventRounds "11"]
[EventCountry "ARM"]
[SourceTitle "CBM 160"]
[Source "ChessBase"]
[SourceDate "2014.05.15"]
[SourceVersion "1"]
[SourceVersionDate "2014.05.15"]
[SourceQuality "1"]

1. e4 c5 2. Nf3 e6 3. d4 cxd4 4. Nxd4 Nc6 5. Nc3 Qc7 6. Be2 a6 7. 0-0 Nf6 8. Be3 Be7 9. f4 d6 10. Kh1 0-0 11. a4 Re8 12. Bf3 Rb8 13. Qd2 Bf8 14. Qf2 Nd7 15. Rad1 Nb4 16. Qd2 Nc6 17. a5 b5 18. axb6 Nxb6 19. b3 Bb7 20. Nxc6 Qxc6 21. e5 d5 22. Na4 Na8 1/2-1/2

[Event "EU-ch 15th"]
[Site "Yerevan"]
[Date "2014.03.05"]
[Round "3"]
[White "Petenyi, Tamas"]
[Black "Cerbulenco, Liviu"]
[Result "1-0"]
[WhiteElo "2468"]
[BlackElo "2160"]
[PlyCount "155"]
[EventDate "2014.03.03"]
[EventType "swiss"]
[EventRounds "11"]
[EventCountry "ARM"]
[SourceTitle "CBM 160"]
[Source "ChessBase"]
[SourceDate "2014.05.15"]
[SourceVersion "1"]
[SourceVersionDate "2014.05.15"]
[SourceQuality "1"]

1. e4 e5 2. Nf3 Nc6 3. Bb5 a6 4. Ba4 Nf6 5. Nc3 b5 6. Bb3 Be7 7. d3 0-0 8. h3 d6 9. a4 b4 10. Nd5 Na5 11. Nxf6+ Bxf6 12. Ba2 Rb8 13. Nd2 Bg5 14. Nc4 Nxc4 15. Bxc4 a5 16. 0-0 Qf6 17. Bxg5 Qxg5 18. Qc1 Qxc1 19. Raxc1 g5 20. Rfe1 Kg7 21. Rcd1 c5 22. Bb5 Rd8 23. b3 f5 24. exf5 Bxf5 25. Bc4 Rf8 26. Re3 Bd7 27. d4 cxd4 28. Rxd4 exd4 29. Re7+ Kf6 30. Rxd7 Rfc8 31. Rxd6+ Ke7 32. Rxd4 Rc5 33. Re4+ Kf8 34. Re6 Re8 35. Rf6+ Kg7 36. Ra6 Re1+ 37. Kh2 Rc1 38. Bd3 h5 39. g3 Re5 40. Kg2 Rc5 41. Rg6+ Kf7 42. Rh6 h4 43. gxh4 gxh4 44. Rxh4 Kf6 45. Rh6+ Kg7 46. Rg6+ Kf7 47. h4 Re1 48. Ra6 Kg7 49. Bg6 Ree5 50. Kg3 Re1 51. h5 Rg1+ 52. Kf4 Rcg5 53. f3 Rc5 54. Bf5 Rh1 55. Bg6 Rg1 56. Rb6 Rg2 57. Rb5 Rgg5 58. Rb7+ Kf6 59. Rb6+ Ke7 60. h6 Rg1 61. h7 Rc8 62. Bd3 Rf8+ 63. Ke3 Rg3 64. Be4 Rg5 65. Rb5 Kf6 66. f4 Rg3+ 67. Kf2 Rh3 68. Rxa5 Kg7 69. Rf5 Re8 70. Bd3 Rh2+ 71. Kg3 Rh1 72. a5 Re3+ 73. Kf2 Reh3 74. Rg5+ Kf6 75. a6 R3h2+ 76. Rg2 Rh5 77. a7 Ra5 78. Rg8 1-0

[Event "EU-ch 15th"]
[Site "Yerevan"]
[Date "2014.03.03"]
[Round "1"]
[White "Vaganian, Rafael A"]
[Black "Cerbulenco, Liviu"]
[Result "1-0"]
[WhiteElo "2570"]
[BlackElo "2160"]
[PlyCount "52"]
[EventDate "2014.03.03"]
[EventType "swiss"]
[EventRounds "11"]
[EventCountry "ARM"]
[SourceTitle "CBM 160"]
[Source "ChessBase"]
[SourceDate "2014.05.15"]
[SourceVersion "1"]
[SourceVersionDate "2014.05.15"]
[SourceQuality "1"]

1. d4 Nf6 2. Bg5 Ne4 3. Bf4 d5 4. e3 c5 5. Bd3 cxd4 6. Bxe4 dxe4 7. Qxd4 Qxd4 8. exd4 Nc6 9. Ne2 Bg4 10. Nbc3 0-0-0 11. 0-0-0 g6 12. d5 Nb4 13. Rd4 Bxe2 14. Nxe2 Nxd5 15. Rhd1 e6 16. c4 Bc5 17. cxd5 Bxd4 18. Rxd4 Rxd5 19. Rc4+ Kd8 20. Nc3 Rf5 21. Be3 Kd7 22. g4 Rf3 23. Nxe4 Rh3 24. Nf6+ Ke7 25. g5 Kd6 26. Rc3 Ke5 1-0

[Event "MDA-ch"]
[Site "Kishinev"]
[Date "2014.02.10"]
[Round "1"]
[White "Morozov, Nichita"]
[Black "Cerbulenco, Liviu"]
[Result "1-0"]
[WhiteElo "2147"]
[BlackElo "2114"]
[PlyCount "71"]
[EventDate "2014.02.10"]
[EventType "tourn"]
[EventRounds "11"]
[EventCountry "MDA"]
[SourceTitle "CBM 158 Extra"]
[Source "ChessBase"]
[SourceDate "2014.02.28"]
[SourceVersion "1"]
[SourceVersionDate "2014.02.28"]
[SourceQuality "1"]

1. d4 Nf6 2. Nf3 g6 3. g3 Bg7 4. Bg2 0-0 5. c4 c6 6. 0-0 d5 7. Nc3 dxc4 8. Ne5 Ng4 9. Nf3 e5 10. Bg5 f6 11. Bc1 exd4 12. Nxd4 Qb6 13. h3 Nh6 14. Na4 Qb4 15. Bd2 Qe7 16. Qc1 Nf5 17. Qxc4+ Qf7 18. Qxf7+ Rxf7 19. Nb3 Be6 20. Nac5 Bc8 21. Rfd1 Nd7 22. Ne6 Nb6 23. Nxg7 Nxg7 24. a4 f5 25. Nc5 Ne6 26. Bh6 Re7 27. a5 Nc4 28. b4 a6 29. e4 Kf7 30. Na4 Bd7 31. Rac1 Na3 32. Nb6 Rd8 33. Rc3 Nb5 34. Rcd3 Ke8 35. exf5 gxf5 36. Bf3 1-0

[Event "EU-ch U18 23rd"]
[Site "Budva"]
[Date "2013.10.08"]
[Round "9"]
[White "Martynov, Pavel1111"]
[Black "Cerbulenco, Liviu"]
[Result "1-0"]
[WhiteElo "2303"]
[BlackElo "2067"]
[PlyCount "71"]
[EventDate "2013.09.29"]
[EventType "swiss"]
[EventRounds "9"]
[EventCountry "MNE"]
[SourceTitle "CBM 156 Extra"]
[Source "ChessBase"]
[SourceDate "2013.10.22"]
[SourceVersion "1"]
[SourceVersionDate "2013.10.22"]
[SourceQuality "1"]

1. d4 Nf6 2. c4 g6 3. Nf3 Bg7 4. g3 c6 5. Bg2 d5 6. 0-0 0-0 7. b3 Bf5 8. Bb2 a5 9. e3 Qb6 10. Ba3 Re8 11. Ne5 dxc4 12. Nxc4 Qc7 13. Nbd2 Nd5 14. e4 b5 15. exd5 bxc4 16. Nxc4 cxd5 17. Bxd5 Ra6 18. Bg2 Nc6 19. Rc1 Qd7 20. d5 Nd4 21. Bc5 Nb5 22. Qd2 Bh3 23. Nb6 Qf5 24. Bxh3 Qxh3 25. Qd3 Nc7 26. Be3 Ra7 27. Nc8 Rb7 28. d6 Qd7 29. Rfd1 Ne6 30. Nxe7+ Kh8 31. Qd5 f5 32. Qc6 a4 33. bxa4 Qxc6 34. Rxc6 Rd7 35. Nc8 Rdd8 36. d7 1-0

[Event "EU-ch U18 23rd"]
[Site "Budva"]
[Date "2013.10.03"]
[Round "5"]
[White "Osmanodja, Filiz"]
[Black "Cerbulenco, Liviu"]
[Result "1-0"]
[WhiteElo "2275"]
[BlackElo "2067"]
[PlyCount "139"]
[EventDate "2013.09.29"]
[EventType "swiss"]
[EventRounds "9"]
[EventCountry "MNE"]
[SourceTitle "CBM 156 Extra"]
[Source "ChessBase"]
[SourceDate "2013.10.22"]
[SourceVersion "1"]
[SourceVersionDate "2013.10.22"]
[SourceQuality "1"]

1. e4 e5 2. Nf3 Nc6 3. Bb5 a6 4. Ba4 Nf6 5. 0-0 Be7 6. Re1 b5 7. Bb3 0-0 8. h3 Bb7 9. d3 d5 10. exd5 Nxd5 11. Nxe5 Nxe5 12. Rxe5 Qd6 13. Re1 Rae8 14. Nd2 c5 15. a4 c4 16. Ne4 Qc6 17. axb5 axb5 18. dxc4 bxc4 19. Ba4 Qa6 20. Bxe8 Qxa1 21. Bb5 Qa8 22. Bxc4 Nb6 23. Bd3 f5 24. Nd2 Bb4 25. c3 Bc5 26. b4 Bd6 27. Nf3 Kh8 28. Re6 Qd8 29. Be2 Bd5 30. Re3 Be4 31. c4 Nxc4 32. Rb3 Nb6 33. Bg5 Qc7 34. Be3 Nd5 35. Qe1 Qe7 36. Bd2 Re8 37. Bc4 Nb6 38. Bd3 Qf7 39. Qb1 Nd5 40. Ng5 Qe7 41. Bxe4 fxe4 42. f3 Nf6 43. Nxe4 Nxe4 44. fxe4 Qe5 45. g3 Rf8 46. Qd3 Qf6 47. Be1 Ra8 48. Bf2 Ra2 49. Qf3 Qe6 50. Kg2 h6 51. Qd3 Qf7 52. Qf3 Qa7 53. Qf5 Bc7 54. Qc8+ Kh7 55. Qf5+ Kh8 56. Rc3 Qb7 57. Qf8+ Kh7 58. Qf5+ Kh8 59. b5 Ra5 60. Qf8+ Kh7 61. Qf5+ Kh8 62. Rc5 Ra2 63. Qf8+ Kh7 64. Qf5+ Kh8 65. b6 Qxb6 66. Qf8+ Kh7 67. Qf5+ Kh8 68. Qc8+ Bd8 69. Rf5 Qd6 70. Rd5 1-0

[Event "EU-ch U18 23rd"]
[Site "Budva"]
[Date "2013.09.29"]
[Round "1"]
[White "Studer, Noel"]
[Black "Cerbulenco, Liviu"]
[Result "1-0"]
[WhiteElo "2341"]
[BlackElo "2067"]
[PlyCount "69"]
[EventDate "2013.09.29"]
[EventType "swiss"]
[EventRounds "9"]
[EventCountry "MNE"]
[SourceTitle "CBM 156 Extra"]
[Source "ChessBase"]
[SourceDate "2013.10.22"]
[SourceVersion "1"]
[SourceVersionDate "2013.10.22"]
[SourceQuality "1"]

1. e4 e5 2. Nf3 Nc6 3. Bb5 a6 4. Ba4 Nf6 5. 0-0 Be7 6. Re1 b5 7. Bb3 0-0 8. d4 d6 9. c3 Bg4 10. Be3 exd4 11. cxd4 d5 12. exd5 Nxd5 13. Nc3 Nxc3 14. bxc3 Na5 15. Bc2 Nc4 16. Bf4 Bd6 17. Qd3 g6 18. Bg5 Qd7 19. Ne5 Nxe5 20. dxe5 Bc5 21. Qg3 Rfe8 22. Be4 Rab8 23. h3 Bf5 24. Rad1 Qe6 25. Bd5 Qb6 26. Rd2 b4 27. Rb2 Qa5 28. Qf3 bxc3 29. Rxb8 Rxb8 30. e6 Kg7 31. exf7 c6 32. Qf4 Bxf2+ 33. Kh1 Qxd5 34. Qxb8 Qxf7 35. Re7 1-0